MARC details
| 000 -LEADER |
| fixed length control field |
01615cam a22004215a 4500 |
| 008 - FIXED-LENGTH DATA ELEMENTS--GENERAL INFORMATION |
| fixed length control field |
080814r20082003-us||||fr|||| 00| 0 eng d |
| 010 ## - LIBRARY OF CONGRESS CONTROL NUMBER |
| LC control number |
2002031361 |
| 020 ## - INTERNATIONAL STANDARD BOOK NUMBER |
| International Standard Book Number |
9780521520775 |
| 020 ## - INTERNATIONAL STANDARD BOOK NUMBER |
| International Standard Book Number |
9780521817516 |
| 040 ## - CATALOGING SOURCE |
| Original cataloging agency |
DLC |
| Language of cataloging |
eng |
| Transcribing agency |
DLC |
| Modifying agency |
DLC |
| -- |
EG-ScBUE |
| 050 00 - LIBRARY OF CONGRESS CALL NUMBER |
| Classification number |
HD4851 |
| 082 00 - DEWEY DECIMAL CLASSIFICATION NUMBER |
| Classification number |
331.110904 |
| Item number |
SIL |
| Edition number |
22 |
| 100 1# - MAIN ENTRY--PERSONAL NAME |
| Personal name |
Silver, Beverly J. |
| 245 10 - TITLE STATEMENT |
| Title |
Forces of labor : |
| Remainder of title |
workers' movements and globalization since 1870 / |
| Statement of responsibility, etc |
Beverly J. Silver. |
| 250 ## - EDITION STATEMENT |
| Edition statement |
1st ed., Reprint. |
| 260 ## - PUBLICATION, DISTRIBUTION, ETC. (IMPRINT) |
| Place of publication, distribution, etc |
Cambridge ; |
| -- |
New York : |
| Name of publisher, distributor, etc |
Cambridge University Press, |
| Date of publication, distribution, etc |
2008. |
| 300 ## - PHYSICAL DESCRIPTION |
| Extent |
xv, 238 p. : |
| Other physical details |
ill. ; |
| Dimensions |
24 cm. |
| 490 0# - Series Statement |
| Series statement |
Cambridge studies in comparative politics |
| 500 ## - GENERAL NOTE |
| General note |
Index : p. 229-238. |
| 500 ## - GENERAL NOTE |
| General note |
Reprint of the 2003 ed. |
| 504 ## - BIBLIOGRAPHY, ETC. NOTE |
| Bibliography, etc |
bibliography : p. 205-227. |
| 590 ## - LOCAL NOTE (RLIN) |
| Local note |
yassmeen ashraf |
| 650 #0 - SUBJECT ADDED ENTRY--TOPICAL TERM |
| Topical term or geographic name as entry element |
Labor movement |
| General subdivision |
History. |
| Source of heading or term |
BUEsh |
| 650 #0 - SUBJECT ADDED ENTRY--TOPICAL TERM |
| Topical term or geographic name as entry element |
Labor disputes |
| General subdivision |
History. |
| Source of heading or term |
BUEsh |
| 650 #0 - SUBJECT ADDED ENTRY--TOPICAL TERM |
| Topical term or geographic name as entry element |
Capitalism |
| General subdivision |
History. |
| Source of heading or term |
BUEsh |
| 650 #0 - SUBJECT ADDED ENTRY--TOPICAL TERM |
| Topical term or geographic name as entry element |
Globalization |
| General subdivision |
Economic aspects |
| -- |
History. |
| Source of heading or term |
BUEsh |
| 650 #0 - SUBJECT ADDED ENTRY--TOPICAL TERM |
| Topical term or geographic name as entry element |
Business relocation |
| General subdivision |
History. |
| Source of heading or term |
BUEsh |
| 650 #0 - SUBJECT ADDED ENTRY--TOPICAL TERM |
| Topical term or geographic name as entry element |
Manufacturing processes |
| General subdivision |
History. |
| Source of heading or term |
BUEsh |
| 650 #0 - SUBJECT ADDED ENTRY--TOPICAL TERM |
| Topical term or geographic name as entry element |
Automobile industry workers |
| General subdivision |
History. |
| Source of heading or term |
BUEsh |
| 650 #0 - SUBJECT ADDED ENTRY--TOPICAL TERM |
| Topical term or geographic name as entry element |
Textile workers |
| General subdivision |
History. |
| Source of heading or term |
BUEsh |
| 651 ## - SUBJECT ADDED ENTRY--GEOGRAPHIC NAME |
| Source of heading or term |
BUEsh |
| 653 ## - INDEX TERM--UNCONTROLLED |
| Resource For college |
BAEPS, Business Administration |
| -- |
BAEPS, Economics |
| Arrived date list |
August2015 |
| 856 41 - ELECTRONIC LOCATION AND ACCESS |
| Materials specified |
Sample text |
| Uniform Resource Identifier |
<a href="http://www.loc.gov/catdir/samples/cam033/2002031361.html">http://www.loc.gov/catdir/samples/cam033/2002031361.html</a> |
| 856 42 - ELECTRONIC LOCATION AND ACCESS |
| Materials specified |
Publisher description |
| Uniform Resource Identifier |
<a href="http://www.loc.gov/catdir/description/cam031/2002031361.html">http://www.loc.gov/catdir/description/cam031/2002031361.html</a> |
| 856 41 - ELECTRONIC LOCATION AND ACCESS |
| Materials specified |
Table of contents |
| Uniform Resource Identifier |
<a href="http://www.loc.gov/catdir/toc/cam031/2002031361.html">http://www.loc.gov/catdir/toc/cam031/2002031361.html</a> |
| 942 ## - ADDED ENTRY ELEMENTS (KOHA) |
| Source of classification or shelving scheme |
Dewey Decimal Classification |